000 01758nam a2200253Ia 4500
999 _c52862
_d52862
001 19892
003 GE_BSU
005 20210330120552.0
008 181216s2016||||ge |||||||||||||| ||geo||
040 _cGE_BSU
041 _ageo
080 _a57 ქ-20
100 _aქამადაძე, დალი
_96040
245 _aიაპონური კამელიის(Camellia japonica L.) აჭარაში გავრცელებული და ბათუმის ბოტანიკურ ბაღში გამოყვანილი ჰიბრიდების ზრდა-განვითარების, ყვავილობისა და გამრავლების ბიოლოგიური და გენეტიკური თავისებურებანი /
_bდალი ქამადაძე; სამეცნიერო ხელმძღვანლები დავით ბარათაშვილი, ზურაბ ბაკურიძე; ბსუ; ბიოლოგიის დეპარტამენტი
264 _aბათუმი,
_c2016.
300 _a170 გვ.;
_bილ.;
_c27 სმ.
653 _aბიოლოგია
653 _aდისერტაცია
653 _aმცენარეთა გენეტიკა
700 _aბარათაშვილი, დავით
_eსამეცნიერო ხელმძღვანელი
_91718
700 _aბაკურიძე, ზურაბ
_eსამეცნიერო ხელმძღვანელი
_92542
710 _aბსუ
_bბიოლოგიის დეპარტამენტი
_910834
942 _cBK
_2udc